Central Library OPAC University of Rajshahi

A reader's guide to Charles Dickens / (Record no. 21417)

MARC details
000 -LEADER
fixed length control field 00930cam a2200277 4500
001 - CONTROL NUMBER
control field 21417
003 - CONTROL NUMBER IDENTIFIER
rucl marc code BD-RjUL
005 - DATE AND TIME OF LATEST TRANSACTION
control field 20211209000701.0
008 - FIXED-LENGTH DATA ELEMENTS--GENERAL INFORMATION
fixed length control field 140304r19771972enk f 001 0 eng
020 ## - INTERNATIONAL STANDARD BOOK NUMBER
International Standard Book Number 0500140170
-- 0500150125 (pbk)
035 ## - SYSTEM CONTROL NUMBER
System control number (BD-RjUL)21481
040 ## - CATALOGING SOURCE
Original cataloging agency DLC
Transcribing agency DLC
Modifying agency DLC
-- BD-RjUL
Language of cataloging eng
041 ## - LANGUAGE CODE
Language code of text/sound track or separate title eng
082 00 - DEWEY DECIMAL CLASSIFICATION NUMBER
Classification number 823.8
Author mark and year HOR 1977
100 1# - MAIN ENTRY--PERSONAL NAME
Personal name Hobsbaum, Philip.
9 (RLIN) 66172
245 12 - TITLE STATEMENT
Title A reader's guide to Charles Dickens /
Statement of responsibility, etc. Philip Hobsbaum.
260 ## - PUBLICATION, DISTRIBUTION, ETC. (IMPRINT)
Place of publication, distribution, etc. London :
Name of publisher, distributor, etc. Thames and Hudson,
Date of publication, distribution, etc. c1972 [Reprinted 1977].
300 ## - PHYSICAL DESCRIPTION
Pagination xiii, 318 p. ;
Size 21 cm.
350 ## - PRICE (NR) (BK AM CF MU VM SE) [OBSOLETE]
Price £2.00
504 ## - BIBLIOGRAPHY, ETC. NOTE
Bibliography, etc Includes bibliography (p. [294]-311) and index.
600 10 - SUBJECT ADDED ENTRY--PERSONAL NAME
Personal name Dickens, Charles,
Dates associated with a name 1812-1870
General subdivision Criticism and interpretation
-- Handbooks, manuals, etc.
Personal name Dickens, Charles,
Dates associated with a name 1812-1870
General subdivision Examinations
-- Study guides.
942 ## - ADDED ENTRY ELEMENTS (KOHA)
Source of classification or shelving scheme Dewey Decimal Classification
Koha item type Books
Holdings
Lost status Source of classification or shelving scheme Damaged status Not for loan Collection code Permanent Location Current Location Shelving location Date acquired Source of acquisition Cost, normal purchase price Total Checkouts Full call number Date last seen Copy number Koha item type
  Dewey Decimal Classification   Added to bundle Fiction Central Library, University of Rajshahi Central Library, University of Rajshahi Reading Room 07/05/1979 W. Heffer and sons. 2.25   823.8 HOR 1977 04/03/2014 C-1 Books